|
|
|
|
| LEADER |
00998cam a2200241 7i4500 |
| 001 |
0000067266 |
| 005 |
20220322090000.0 |
| 020 |
|
|
|a 9789811642845 (electronic book)
|
| 020 |
|
|
|a 9789811642838
|
| 090 |
0 |
0 |
|a QA76.9.A25
|b C93 2022
|
| 245 |
0 |
0 |
|a Cyber intelligence and information retrieval :
|b proceedings of CIIR 2021
|c Joao Manuel R. S. Tavares [and three others], editors.
|
| 264 |
|
|
|a Singapore:
|b Springer,
|c 2022.
|
| 300 |
|
|
|a 1 online resource (xxiii, 645 pages):
|b illustratios (some color), text file, PDF.
|
| 336 |
|
|
|a text
|2 rdacontent
|
| 337 |
|
|
|a computer
|2 rdamedia
|
| 338 |
|
|
|a online resource
|2 rdacarrier
|
| 650 |
0 |
0 |
|a Computer security --
|x Congresses
|
| 650 |
0 |
0 |
|a nformation retrieval --
|x Congresses
|
| 655 |
0 |
0 |
|a Electronic books
|
| 700 |
1 |
|
|a Tavares, Joao Manuel R. S.
|
| 856 |
4 |
2 |
|u http://library.unisel.edu.my/web/guest/mylibrary
|
| 997 |
|
|
|a Communication, Visual Art & Computing, Faculty
|b Computing, Department
|
| 999 |
|
|
|a EBO0011892
|b EBOOK
|c EBOOK
|e Electronic resources
|